| 000 | 00998nam a22003377a 4500 | ||
|---|---|---|---|
| 001 | 0068240 | ||
| 003 | KOHA_MİRAKIL | ||
| 005 | 20260207004751.0 | ||
| 007 | |||
| 008 | 230201b2019 tu |||g|||||#0|||1|eng | | ||
| 020 | _a9780135177907 | ||
| 040 |
_aTR-BiSEU _btur _cTR-BiSEU _erda |
||
| 041 | 0 | _aeng | |
| 044 | _ctu | ||
| 050 |
_aPE1129 _b.H49 2019 |
||
| 100 | 1 | _aHeyer, Sandra. | |
| 245 | 1 |
_aTrue stories: level 1A/ _cSandra Heyer ; Sandra Heyer. |
|
| 264 | 1 |
_aHoboken : _bPearson Education _c2019 |
|
| 300 | _aIX, 95 pages: illustrated; 28 cm. | ||
| 336 |
_ametin _btxt _2rdacontent |
||
| 337 |
_aaracısız _bn _2rdamedia |
||
| 338 |
_acilt _bnc _2rdacarrier |
||
| 650 | 0 |
_aEnglish language. _928785 |
|
| 650 | 0 |
_aEnglish language education. _9130826 |
|
| 650 | 0 |
_aEnglish language teaching. _9130827 |
|
| 650 | 0 |
_aİngilizce dili. _9129417 |
|
| 650 | 0 |
_aİngiliz dili eğitimi. _9130828 |
|
| 650 | 0 |
_aİngiliz dili öğretimi. _9130829 |
|
| 907 | _aDil | ||
| 942 |
_2lcc _cBK |
||
| 999 |
_c68884 _d68884 |
||